000 00866nam0a22002531 4500
001 rc\3700204
005 20250610062616.0
021 _aRU
_bРг9852-71
021 _aRU
_b71-22679
035 _a(NLR Aleph) 007762238
090 _a7378784
_c7378784
100 _a20130115d1971 |||y0rusy50 ca
101 0 _arus
102 _aRU
105 _ay z |||||
200 1 _aОрганизация и методика отбора в детские спортивные школы
_e(Метод. письмо для врачей-педиатров и подростковых)
_fРесп. дом сан. просвещения МЗ КБАССР
210 _aНальчик
_cБ. и.
_d1971
215 _a7 с.
_d20
700 1 _aКнерцер
_bН.Н.
801 0 _aRU
_bNLR
_gpsbo
801 1 _aRU
_bELAR
_2rusmarc
852 _aNLR
_j71-4/17386
942 _cBOOK
980 _aNB